000
00266nam a22000977a 4500
008
231013b |||||||| |||| 00| 0 eng d
020
_a
978008408961
100
_a
National Geographic
_9
7718
245
_a
Big Quiz Book
260
_a
Ireland
_b
Harper Collins Publishers
_c
2020
999
_c
12452
_d
12452